Chinon - Choix multiples - Statistiques

Statistiques générales
  • Ce quiz a été pris 16 fois
  • Le résultat moyen est 8 sur 10
Statistiques - réponses
Question Réponse % Correct
Quelle émission de télévision présentée par Stéphane Bern a tourné deux numéros en 2015 au château de Chinon ? Secrets d'Histoire
100%
Reconnaissez-vous le château de Chinon sur l'une des images suivantes ?
92%
Reconnaissez-vous la ville de Chinon, vue depuis son château ?
92%
Quel futur roi était le dauphin que la précédente rencontra à Chinon en 1429 ? Charles VII
85%
Quelle héroïne de l'histoire de France rencontra pour la première fois le dauphin à Chinon vers le 25 février 1429 ? Sainte Jeanne d'Arc
85%
Quelle rivière arrose Chinon ? La Vienne
77%
Au cœur de quel parc naturel régional se situe Chinon ? Le parc naturel régional Loire-Anjou-Touraine
69%
Le 4 décembre 1793, 271 prisonniers vendéens furent exécutés à Chinon, ce qui suscita beaucoup d'émotion chez les Chinonais. Dans quelle ville toute proche avaient-ils été arrêtés ? Saumur
62%
À quel ordre religieux appartenaient certains dignitaires qui ont été jugés à Chinon et à Paris, et ont été absous de leurs péchés par des cardinaux envoyés par le Pape à Chinon ? Les Templiers
54%
Quelle sainte est venue à Chinon dans l'ermitage troglodytique de saint Jean de Chinon pour suivre ses sages conseils ? Sainte Radegonde
54%
Aucun quiz correspondant
Distribution des résultats
% des personnes avec chaque résultat
Percentile par nombre de réponses
Votre historique - résultats
Vous n’avez pas pris ce quiz